Sapo y la canción del mirlo.

Zapisane w:
Opis bibliograficzny
1. autor: Velthuijis, Max (autor)
Kolejni autorzy: Dearden, Carmen Diana tr (autor) tr, (autor)
Format: Książka
Język:hiszpański
Seria:(Libros del Rincón)
Hasła przedmiotowe:
Etykiety: Dodaj etykietę
Nie ma etykietki, Dołącz pierwszą etykiete!

MARC

LEADER 00000nam^a2200000^u^4500
001 000511030
005 20250521000000.0
008 100210s1000^^^^^^^^^^^^r^^^^^000^0^spa^d
009 20260310130139.888
022 |a 9789680103997 
035 |a FCE 000055240 
037 |a Acervo ITESO - Biblioteca 
041 |a spa 
082 0 4 |a 839.313  |b VELs 
100 |a Velthuijis, Max  |e (autor) 
245 1 0 |a Sapo y la canción del mirlo. 
264 |a México:  |b SEP: Ediciones Ekaré,  |c 2007. 
300 |a 24 p. il. 
336 |a texto  |b txt  |2 rdacontenido 
337 |a sin mediación  |b n  |2 rdamedio 
338 |a volumen  |b nc  |2 rdasoporte 
440 1 |a (Libros del Rincón) 
596 |a Título original: Frog and the birdsong. 
649 |a XX 
650 |a Literatura infantil 
650 |a Cuento 
650 |a Literatura holandesa 
700 |a Dearden, Carmen Diana  |e tr  |e (autor) 
910 |a Fondo Centro de Estudios Educativos 
920 |a Impresos - Libros 
930 |a Fondos Especiales 
905 |a 133 
901 |a ALE068232  |b IT2  |c CEE  |u 20250521 
902 |a https://opac.biblio.iteso.mx/vufind/Record/000511030